| 000 | 00517nam a22001697a 4500 | ||
|---|---|---|---|
| 001 | T027600004674 | ||
| 008 | 181111b xve|||||r|||| 00| | esp d | ||
| 099 |
_aIVP-D-01330 _b |
||
| 100 | _aPresidencia de la República de Venezuela. | ||
| 245 | _aRegionalización administrativa de Venezuela. | ||
| 260 | _a | ||
| 500 | _a | ||
| 650 | _aLegislación por Decretos--Decreto de Regionalización-Decreto Ejecutivo N° 478--Venezuela, 8 de enero de 1980. | ||
| 650 | _aVenezuela | ||
| 650 | _aEspañol | ||
| 942 | _cLIB | ||
| 999 |
_c5812 _d5812 |
||